SELECTIONS FROM GANDHI (Record no. 27596)
[ view plain ]
| 000 -LEADER | |
|---|---|
| fixed length control field | 00326nam a22001457a 4500 |
| 003 - CONTROL NUMBER IDENTIFIER | |
| control field | SGT |
| 020 ## - INTERNATIONAL STANDARD BOOK NUMBER | |
| International Standard Book Number | 8172291736 |
| 082 ## - DEWEY DECIMAL CLASSIFICATION NUMBER | |
| Classification number | 954.035 |
| Item number | S48B |
| 100 ## - MAIN ENTRY--PERSONAL NAME | |
| Personal name | BOSS, NIRMAL KUMAR |
| 245 ## - TITLE STATEMENT | |
| Title | SELECTIONS FROM GANDHI |
| 260 ## - PUBLICATION, DISTRIBUTION, ETC. (IMPRINT) | |
| Name of publisher, distributor, etc | NAVJIVAN PUBLISHING HOUSE |
| Year of Publication | 1948 |
| 300 ## - PAGE DESCRIPTION | |
| No. of Pages | 320 |
| 650 ## - SUBJECT ADDED ENTRY--TOPICAL TERM | |
| Topical term or geographic name as entry element | INDIAN HISTORY |
| 942 ## - ADDED ENTRY ELEMENTS (KOHA) | |
| Source of classification or shelving scheme | Dewey Decimal Classification |
| Koha item type | Books |
| Withdrawn status | Lost status | Source of classification or shelving scheme | Damaged status | Not for loan | Home library | Current library | Shelving location | Date acquired | Cost, normal purchase price | SGTU | Total Checkouts | Full call number | Accession No. (Barcode) | Date last seen | Bill Date | Koha item type |
|---|---|---|---|---|---|---|---|---|---|---|---|---|---|---|---|---|
| Dewey Decimal Classification | Not For Loan | SGT Chancellor's Library | SGT Chancellor's Library | Reference Book | 22/11/2024 | 75.00 | SGTU | 954.035 S48B | CH674 | 22/11/2024 | 22/11/2024 | Books |